Hitchcock and the cinema of sensations (Record no. 238376)
[ view plain ]
| 000 -LEADER | |
|---|---|
| fixed length control field | 01595nam a2200373 a 4500 |
| 082 04 - DEWEY DECIMAL CLASSIFICATION NUMBER | |
| Classification number | 791.430233092 |
| 100 1# - MAIN ENTRY--AUTHOR NAME | |
| Personal name | Elliott, Paul. |
| 245 10 - TITLE STATEMENT | |
| Title | Hitchcock and the cinema of sensations |
| 260 ## - PUBLICATION, DISTRIBUTION, ETC. (IMPRINT) | |
| Place of publication | London ; |
| -- | New York : |
| Name of publisher | I.B. Tauris : |
| -- | Distributed in U.S. exclusively by Palgrave Macmillan, |
| Year of publication | 2011. |
| 300 ## - PHYSICAL DESCRIPTION | |
| Number of Pages | 231 p. |
| 490 1# - SERIES STATEMENT | |
| Series statement | International library of visual culture ; |
| 505 0# - FORMATTED CONTENTS NOTE | |
| Formatted contents note | pt. 1. The theory -- pt. 2. The films. |
| 650 #0 - SUBJECT ADDED ENTRY--TOPICAL TERM | |
| Topical Term | Senses and sensation in motion pictures. |
| 856 40 - ELECTRONIC LOCATION AND ACCESS | |
| Uniform Resource Identifier | http://site.ebrary.com/lib/rucke/Doc?id=10522074 |
No items available.
